| 000 | 00743nam a2200253Ia 4500 | ||
|---|---|---|---|
| 003 | OSt | ||
| 005 | 20220928103117.0 | ||
| 006 | a|||||r|||| 00| 0 | ||
| 007 | ta | ||
| 008 | 220927b |||||||| |||| 00| 0 eng d | ||
| 020 | _cINR 199.00 | ||
| 024 | _a134169 | ||
| 037 |
_b0282, 08/03/2017, Bookwell Publications _cTextual |
||
| 040 |
_aSDCL _cSDCL _beng |
||
| 041 |
_2eng _aeng |
||
| 082 | _a0-944,NBS, Q5 LR | ||
| 100 |
_aBhinder Shravya _9402328 |
||
| 245 | 0 | _aMaking of babaji Inc. | |
| 260 |
_aNew Delhi _bBlack Ink _c2015 |
||
| 300 |
_a199p. _ccm. |
||
| 650 | _aReference | ||
| 942 |
_h0-944,NBS, Q5 LR _cTEXL _2CC |
||
| 999 |
_c718173 _d718173 |
||